000 00328cam a22001097a 4500
008 180718b2001 xxu||||| |||| 00| 0 eng d
082 _aW5x54 In2
245 _aInland water transport policy, 2001
_cby Ministry of Shipping, India
260 _aNew Delhi
_bThe author
_c2001
300 _a20p.
700 _aIndia. Ministry of Shipping
999 _c476386
_d476386